Представление документа в формате RUSMARC

ПолеНазваниеЗначение
  Тип записи i
  Библиографический уровень m
001 Контрольный номер RU/IS/BASE/312476934
005 Дата корректировки 20201206204706.1
010 Индекс ISBN __
d Цена 216-00
101 Язык документа __
a Язык текста rus
c Язык оригинала fre
200 Заглавие и сведения об ответственности 1_
a Заглавие Волчицы
e Сведения, относящиеся к заглавию [детектив : радиоспектакль из архива Гостелерадиофонда]
f Первые сведения об ответственности Буало-Нарсежак ; [авт. инсценировки Н. Филиппова ; исполн.: Л. Кулагин и др. ; пер. Т. Чугуновой ; режиссер М. Попова]
b Общее обозначение материала Звукозапись
210 Выходные данные __
a Место издания М.
c Издательство Звуковая кн.
c Издательство Гостелерадиофонд
d Дата издания 2008
215 Физическое описание __
a Объем 1 электрон. опт. диск (Audio CD) (1 ч. 55 мин.)
300 Общие примечания __
a Общие примечания AudioCD ; mp3 ; 192 кбит/с
323 Примечание о главных создателях, исполнителях, участниках __
a Примечание о главных создателях, исполнителях, участниках Кулагин, Л. (Жерве)
a Примечание о главных создателях, исполнителях, участниках Юшко, Г. (Бернар)
a Примечание о главных создателях, исполнителях, участниках Покровская, А. (Элен)
a Примечание о главных создателях, исполнителях, участниках Сирина, О. (Аньес)
a Примечание о главных создателях, исполнителях, участниках Махова, Т. (Жюлия)
330 Аннотация __
a Аннотация Два друга совершают побег из немецкого лагеря для военнопленных, но когда успех операции уже кажется очевидным, один из них погибает. Так под именем своего товарища Жерве Ларош попадает в дом Элен Мадинье, где главного героя начинают мучить угрызения совести, а также предчувствие, что именно он становится жертвой изощренной интриги.
606 Тематические рубрики __
a Основная рубрика Музыка и зрелищные искусства
606 Тематические рубрики __
a Основная рубрика Художественное радиовещание
z Хронологическая подрубрика 20 в. кон.
y Географическая подрубрика Россия
610 Ключевые слова __
a Ключевые слова французская литература; иностранная литература; зарубежная литература; детективы; детективная литература; пьесы; радиоспектакли; радиопьесы; радиопостановки; психологические детективы; тема преступлений; тема войны; тема интриг; тема расследований
686 Индексы других классификаций __
a Классификационный индекс 85.38я04
700 Автор _0
a Фамилия Буало-Нарсежак
4 Код отношения 070
702 Вторичная интеллектуальная ответственность _1
a Фамилия Чугунова
b Имя Т.
4 Код отношения Переводчик
4 Код отношения 730
702 Вторичная интеллектуальная ответственность _1
a Фамилия Филиппова
b Имя Н.
4 Код отношения Автор инсценировки
4 Код отношения 690
702 Вторичная интеллектуальная ответственность _1
a Фамилия Попова
b Имя М.
4 Код отношения Режиссер
4 Код отношения 070
801 Источник записи _0
a Страна RU
b Организация Муниципальное бюджетное учреждение культуры "Централизованная библиотечная система" г. Сургут (Центральная городская библиотека им. А. С. Пушкина)
g Правила каталогизации КиК/Поспелова
801 Источник записи _1
a Страна RU
b Организация Муниципальное бюджетное учреждение культуры "Централизованная библиотечная система" г. Сургут (Центральная городская библиотека им. А. С. Пушкина)
g Правила каталогизации КиК/Поспелова
852 Данные о местонахождении __
j Шифр хранения 85.38я04
c Каталожный индекс 85.38я04
i Авторский знак Б 90
901 Тип документа __
t Тип документа 0
903 Характеристики (МАРС) __
a Дата передачи 20091130
969 Тип издания __
a Тип издания аудиоспектакль; аудиокнига
990 Данные о заказе (DOS) __
j Количество экземпляров (DOS) 2
h N записи в КСУ для Б/У (DOS) 200911